Score 0/23 Timer 03:00
0 Plays Today
% Correct
Abu Dhabi
100%
Moscow
100%
New Delhi
98%
Seoul
98%
Ulan Bator
98%
Tokyo
97.9%
Jerusalem
97.9%
Beijing
95.9%
Kuala Lumpur
95.7%
Bangkok
95.7%
Kuwait City
95.7%
Riyadh
93.9%
% Correct
Ankara
93.9%
Pyongyang
93.8%
Manila
93.6%
Taipei
93.6%
Islamabad
91.8%
Kathmandu
91.5%
Kabul
91.5%
Baghdad
89.8%
Jakarta
87.2%
Naypyidaw
87.2%
Baku
80.9%
Remove Ads.
Support Sporcle.
Get the best of Sporcle when you Go Orange. This ad-free experience offers more features, more stats, and more fun while also helping to support Sporcle. Thank you for becoming a member.

You're not logged in!

Compare scores with friends on all Sporcle quizzes.
OR
Log In

Show Comments

Extras

Created Oct 27, 2013ReportNominate

Top Quizzes Today


Score Distribution

Your Account Isn't Verified!

In order to create a playlist on Sporcle, you need to verify the email address you used during registration. Go to your Sporcle Settings to finish the process.

Report this User

Report this user for behavior that violates our Community Guidelines.

Details: